|
|
|
|
| LEADER |
00000nab a2200000 a 4500 |
| 001 |
vtls000446085 |
| 003 |
SK-MaSNL |
| 005 |
20260303101941.0 |
| 008 |
230120c1992 xo 0 slo |
| 015 |
|
|
|a SNBRB19rr/mm-uuuuu
|
| 035 |
|
|
|a CL0446216
|
| 035 |
|
|
|a urn:nbn:sk:snk-ab6idx
|
| 035 |
|
|
|a (uuid)5936703d-207f-4f70-ad7b-297246440e62
|
| 035 |
|
|
|a (urnnbn)urn:nbn:sk:snk:ar-003u55
|
| 040 |
|
|
|a SNKBUCL
|b slo
|c SNKBUCL
|e AACR2
|
| 041 |
0 |
|
|a slo
|
| 044 |
|
|
|a xo
|c SK
|
| 080 |
|
|
|a 681.39.06(035)(048)
|2 1981
|
| 100 |
1 |
|
|a -mh-
|4 aut
|9 841789
|
| 245 |
1 |
0 |
|a Publikačný systém VENTURA
|c -Mh-
|
| 500 |
|
|
|a Rec.:
|
| 650 |
0 |
7 |
|a systémy publikačné kancelárske
|2 snkbucl
|9 1114447
|
| 650 |
0 |
7 |
|a Ventura (systém publikačný)
|2 snkbucl
|9 1114448
|
| 655 |
|
7 |
|a články z novín a časopisov
|2 snkbucl
|9 267496
|
| 655 |
|
7 |
|a články z odboru knihovníctvo
|2 snkbucl
|9 166141
|
| 773 |
0 |
|
|t Knižnice a informácie
|g Roč. 24, č. 2 (1992), s. 75-76
|
| 787 |
0 |
8 |
|i Rec.:
|t Kancelársky publikačný systém VENTURA
|d Bratislava : Slovenská technická knižnica, 1991
|
| 850 |
|
|
|a Slovenská národná knižnica v Martine
|a MTA001
|
| 852 |
|
|
|a SNK
|b KIS3GCP
|
| 954 |
|
|
|a odborná, vedecká literatúra pôvodná (slovenská)
|2 lita
|
| 958 |
|
|
|a RK
|
| 958 |
|
|
|a KL
|
| 958 |
|
|
|a OND
|
| 958 |
|
|
|a EUIPO
|
| 958 |
|
|
|a article2022
|
| 992 |
|
|
|a RBX
|
| 999 |
|
|
|c 1840539
|d 1842469
|